[Event "Candidates Tournament"]
[Site "Khanty-Mansiysk"]
[Date "2014.03.29"]
[Round "13"]
[White "Svidler, Peter"]
[Black "Mamedyarov, Shakhriyar"]
[Result "1/2-1/2"]
[WhiteElo "2758"]
[BlackElo "2757"]
[Annotator "ChessBase Website"]
[PlyCount "83"]
[EventDate "2014.03.13"]
[EventType "tourn"]
[EventRounds "14"]
[EventCountry "RUS"]
[EventCategory "21"]
[SourceTitle "CBM 160"]
[Source "ChessBase"]
[SourceDate "2014.05.15"]
[SourceVersion "1"]
[SourceVersionDate "2014.05.15"]
[SourceQuality "1"]
[TimeControl "40/7200:20/3600:900+30"]
[WhiteClock "0:59:26"]
[BlackClock "0:56:56"]

1. e4 {[%emt 0:00:05]} c5 {[%emt 0:00:04]} 2. Nf3 {[%emt 0:00:08]} d6 {[%emt 0:
00:05]} 3. d4 {[%emt 0:00:05]} cxd4 {[%emt 0:00:03]} 4. Nxd4 {[%emt 0:00:06]}
Nf6 {[%emt 0:00:04]} 5. Nc3 {[%emt 0:00:08]} a6 {[%emt 0:00:04]} 6. Be3 {
[%emt 0:00:07]} Ng4 {[%emt 0:00:12]} 7. Bg5 {[%emt 0:00:06]} h6 {[%emt 0:00:06]
} 8. Bh4 {[%emt 0:00:04]} g5 {[%emt 0:00:07]} 9. Bg3 {[%emt 0:00:05]} Bg7 {
[%emt 0:00:06]} 10. Be2 {[%emt 0:00:33]} h5 {[%emt 0:00:31]} 11. h4 {[%emt 0:
02:26]} Nc6 {[%emt 0:01:07]} 12. Nb3 {[%emt 0:00:23]} gxh4 {[%emt 0:01:29]} 13.
Bxh4 {[%emt 0:00:32]} Be6 {[%emt 0:01:18]} 14. Qd2 {[%emt 0:00:20]} Qb6 {
[%emt 0:00:04]} 15. Nd5 {[%emt 0:00:28]} Bxd5 {[%emt 0:00:05]} 16. exd5 {
[%emt 0:00:05]} Nd4 {[%emt 0:00:02]} 17. Nxd4 {[%emt 0:01:29]} Qxd4 {[%emt 0:
18:23]} 18. Qxd4 {[%emt 0:19:33]} Bxd4 {[%emt 0:00:16]} 19. c3 $146 {[%emt 0:
00:34]} (19. O-O-O Be5 20. Rh3 Kd7 21. Rb3 Rab8 22. a4 Rhg8 23. Kb1 Bf6 24. Rh1
Bxh4 25. Rxh4 Nf6 26. g3 Nxd5 27. Bxh5 Nc7 28. Bxf7 Rg7 29. Bh5 b5 30. axb5
axb5 31. Be2 Rf8 32. f4 Kc8 33. Rh5 Rfg8 34. g4 e6 35. Bf3 Kd7 36. f5 Rg5 37.
fxe6+ Kxe6 38. Re3+ Kd7 39. Be4 R8g7 40. Bf5+ Kc6 41. Rc3+ Kb7 42. Rxg5 Rxg5
43. Rh3 Kb6 44. Rh5 Rg7 45. Rh7 Rg8 46. Kc1 {1-0 (46) Kotronias,V (2530)-King,
D (2500) Gausdal 1993}) 19... Bf6 {[%emt 0:19:26]} 20. O-O-O {[%emt 0:02:09]}
Kd7 {[%emt 0:05:11] A Najdorf quickly turned into a dull double rook endgame
that neither side had realistic winning chances in, depspite the fact that
White's structure was much superior.} 21. Bxg4+ {[%emt 0:06:38]} hxg4 {[%emt 0:
00:10]} 22. Bxf6 {[%emt 0:00:02]} exf6 {[%emt 0:00:05]} 23. Rxh8 {[%emt 0:00:
59]} Rxh8 {[%emt 0:00:09]} 24. Rd4 {[%emt 0:00:03]} Rh5 {[%emt 0:00:06]} 25.
Rxg4 {[%emt 0:07:33]} Rxd5 {[%emt 0:00:10]} 26. Rf4 {[%emt 0:00:07]} Ke6 {
[%emt 0:06:57]} 27. Kc2 {[%emt 0:11:43]} Rg5 {[%emt 0:08:17]} 28. g3 {[%emt 0:
01:04]} Re5 {[%emt 0:01:41]} 29. Kd3 {[%emt 0:02:33]} Rd5+ {[%emt 0:03:05]} 30.
Rd4 {[%emt 0:02:43]} Rf5 {[%emt 0:00:12]} 31. Re4+ {[%emt 0:16:14]} Kd7 {
[%emt 0:00:34]} 32. Ke3 {[%emt 0:00:09]} Re5 {[%emt 0:02:55]} 33. Kd4 {[%emt 0:
01:57]} Rh5 {[%emt 0:08:47]} 34. a4 {[%emt 0:07:14]} b6 {[%emt 0:11:42]} 35. b3
{[%emt 0:03:36]} Rh1 {[%emt 0:02:14]} 36. Kd3 {[%emt 0:08:12]} Rd1+ {[%emt 0:
03:06]} 37. Kc2 {[%emt 0:03:47]} Rf1 {[%emt 0:04:55]} 38. Rf4 {[%emt 0:00:26]}
Ke6 {[%emt 0:00:09]} 39. Kd3 {[%emt 0:01:08]} f5 {[%emt 0:00:54]} 40. Ke2 {
[%emt 0:00:00]} Rc1 {[%emt 0:00:00]} 41. Kd2 {[%emt 0:10:59]} Rf1 {[%emt 0:00:
27]} 42. Ke2 {[%emt 0:01:14]} 1/2-1/2

[Event "Candidates Tournament"]
[Site "Khanty-Mansiysk"]
[Date "2014.03.30"]
[Round "14"]
[White "Anand, Viswanathan"]
[Black "Svidler, Peter"]
[Result "1/2-1/2"]
[WhiteElo "2770"]
[BlackElo "2758"]
[Annotator "ChessBase Website"]
[PlyCount "67"]
[EventDate "2014.03.13"]
[EventType "tourn"]
[EventRounds "14"]
[EventCountry "RUS"]
[EventCategory "21"]
[SourceTitle "CBM 160"]
[Source "ChessBase"]
[SourceDate "2014.05.15"]
[SourceVersion "1"]
[SourceVersionDate "2014.05.15"]
[SourceQuality "1"]
[TimeControl "40/7200:20/3600:900+30"]
[WhiteClock "1:03:38"]
[BlackClock "1:07:24"]

1. e4 {[%emt 0:00:01]} e5 {[%emt 0:00:14]} 2. Nf3 {[%emt 0:00:08]} Nc6 {
[%emt 0:00:04]} 3. Bb5 {[%emt 0:00:08]} a6 {[%emt 0:00:06]} 4. Ba4 {[%emt 0:00:
07]} Nf6 {[%emt 0:00:05]} 5. O-O {[%emt 0:00:10]} Be7 {[%emt 0:00:10]} 6. Re1 {
[%emt 0:00:09]} b5 {[%emt 0:00:04]} 7. Bb3 {[%emt 0:00:08]} O-O {[%emt 0:00:26]
} 8. c3 {[%emt 0:05:25]} d5 {[%emt 0:02:59]} 9. exd5 {[%emt 0:00:29]} Nxd5 {
[%emt 0:00:03]} 10. Nxe5 {[%emt 0:00:20]} Nxe5 {[%emt 0:00:03]} 11. Rxe5 {
[%emt 0:00:13]} c6 {[%emt 0:00:03]} 12. d3 {[%emt 0:02:19] With the tournament
already in the bag it didn't make any sense for Anand to play for blood or to
show anything new in his preparation. Svidler's Marshall was more than
sufficient to jump into an easily drawn endgame.} Bd6 {[%emt 0:00:16]} 13. Re1
{[%emt 0:00:13]} Bf5 {[%emt 0:06:22]} 14. Qf3 {[%emt 0:04:48]} Qf6 {[%emt 0:03:
17]} 15. Nd2 {[%emt 0:06:17]} Qg6 {[%emt 0:01:57]} 16. Bd1 {[%emt 0:02:20]}
Bxd3 {[%emt 0:02:04]} 17. Ne4 {[%emt 0:02:45]} Bxe4 {[%emt 0:02:49]} 18. Qxe4 {
[%emt 0:00:19]} Qxe4 19. Rxe4 {[%emt 0:00:11]} Rae8 {[%emt 0:01:11]} 20. Rxe8 {
[%emt 0:00:16]} Rxe8 {[%emt 0:00:15]} 21. Kf1 {[%emt 0:00:11]} Bf4 {[%emt 0:03:
06]} 22. Bf3 {[%emt 0:03:57]} Bxc1 {[%emt 0:00:23]} 23. Rxc1 {[%emt 0:00:10]}
Kf8 {[%emt 0:00:24]} 24. a3 $146 {[%emt 0:01:18]} (24. b3 Re6 25. c4 Nb4 26.
cxb5 cxb5 27. a4 bxa4 28. bxa4 Nd3 29. Rb1 Nc5 30. a5 Re5 31. Be2 Ne6 {1/2-1/2
(31) Shirov,A (2696)-Nyback,T (2599) Jyvaskyla 2014}) 24... Rd8 {[%emt 0:16:09]
} 25. c4 {[%emt 0:04:43]} Nf4 {[%emt 0:01:38]} 26. Bxc6 {[%emt 0:04:08]} Nd3 {
[%emt 0:01:01]} 27. Rc2 {[%emt 0:00:49]} bxc4 {[%emt 0:00:43]} 28. Rxc4 {
[%emt 0:03:52]} Nxb2 {[%emt 0:00:30]} 29. Rc2 {[%emt 0:00:16]} Rc8 {[%emt 0:03:
16]} 30. Ke2 {[%emt 0:01:20]} Ke7 {[%emt 0:00:47]} 31. Be4 {[%emt 0:06:51]}
Rxc2+ {[%emt 0:01:31]} 32. Bxc2 {[%emt 0:00:11]} Nc4 {[%emt 0:00:09]} 33. Bd3 {
[%emt 0:01:40]} Nxa3 {[%emt 0:00:31]} 34. Bxa6 {[%emt 0:00:10]} 1/2-1/2

[Event "Candidates Tournament"]
[Site "Khanty-Mansiysk"]
[Date "2014.03.30"]
[Round "14"]
[White "Aronian, Levon"]
[Black "Karjakin, Sergey"]
[Result "0-1"]
[WhiteElo "2830"]
[BlackElo "2766"]
[Annotator "Roiz,M"]
[PlyCount "188"]
[EventDate "2014.03.13"]
[EventType "tourn"]
[EventRounds "14"]
[EventCountry "RUS"]
[EventCategory "21"]
[SourceTitle "CBM 160"]
[Source "ChessBase"]
[SourceDate "2014.05.15"]
[SourceVersion "1"]
[SourceVersionDate "2014.05.15"]
[SourceQuality "1"]

1. e4 {Levon is known as a real expert in 1.d4, so already his first move was
surprising.} c5 2. Nc3 d6 3. Bc4 {White deviates from the main theoretical
lines and chooses an aggressive side variation. This setup is usually
connected with pushing the f-pawn at an early stage of the game.} a6 $5 {
A rather rare, but principled response. Black is ready to meet the f2-f4
advance with d6-d5 quite soon.} 4. a3 {Securing the light-squared bishop.} ({
The following illustrative line shows, that White can hardly save a tempo by
deviating from this prophylactic move:} 4. d3 e6 5. f4 Nf6 6. Nf3 d5 7. Bb3
dxe4 8. Nxe4 (8. dxe4 $6 Qxd1+ 9. Kxd1 b5 $15) 8... Nxe4 9. dxe4 Qxd1+ 10. Kxd1
b5 $11 (10... b6 $5)) 4... e6 5. d3 Nf6 6. Ba2 Nc6 7. Nf3 {Aronian chooses the
most solid way of development.} ({A double-edged position could arise after
the most ambitious} 7. f4 Be7 8. Nf3 O-O 9. O-O b5 $132) 7... Be7 8. O-O O-O 9.
Re1 b5 10. Ne2 $5 {Such a fresh and complex position is rarely seen on move
10! Both sides have definite winning chances, so Sergei Karjakin could be
satisfied at this moment.} Bb7 {This developing move is the most natural.} ({
One preceding game saw} 10... c4 11. Ng3 cxd3 {0-1 Kende,G (2198)-Llaneza Vega,
P (2272)/Hungary 2008/EXT 2009 (37)} 12. cxd3 Bb7 13. d4 {but this change of
pawn structure helps White.}) 11. Ng3 d5 $146 {Sergey decides to fix the pawn
structure and restrict White's light-squared bishop. However, this decision
has a clear drawback: now White gets good attacking prospects due to a space
advantage.} (11... Ne5 $5 {is worth considering:} 12. Ng5 (12. Nxe5 dxe5 13.
Be3 Qc7 $11) 12... h6 13. Nh3 c4 $132) 12. e5 Nd7 13. c3 d4 $1 ({Sergey
correctly prevents White from consolidating their centre be means of d3-d4:} 
13... Qb6 $6 14. d4 a5 15. Bb1 cxd4 16. cxd4 $14) 14. cxd4 cxd4 $6 {Now White
keeps threatening attacking potential!} ({I guess, Sergey has refuted} 14...
Nxd4 $1 15. Nxd4 cxd4 {in view of} 16. Qg4 {and the activation of White's
queen looks scary. However, Black is doing ok here:} Kh8 {and White hardly has
anything better than} 17. Qxd4 (17. Nh5 Rg8 (17... g6 $5) 18. Qxd4 (18. Qf4 Nc5
$1 19. Qxf7 Qd7 20. Nf4 Raf8 21. Bxe6 Rxf7 22. Bxd7 Nxd7 23. e6 Rxf4 24. Bxf4
Nc5 $15) 18... Nc5 19. Qe3 Qxd3 20. Nf4 Qxe3 21. Bxe3 Rgd8 $11) 17... Nc5 18.
Be3 Nxd3 19. Red1 Qxd4 20. Bxd4 Nf4 $11) 15. Bf4 Nc5 {Black has some space
advantage on the queenside, but creating any serious threats is a tough task
at this stage of the game.} (15... h6 16. Ne4 Qb6 17. Rc1 Rad8 18. h4 $14) 16.
Rc1 b4 17. Bg5 $6 {Levon is interested in exchanging the dark-squared bishops.
In this case the Ng3 would get a nice route to d6.} ({However, it looks like
the direct attack by means of} 17. Nh5 $1 {was very dangerous. For instance,}
Kh8 ({Even worse is} 17... Re8 18. Rxc5 $1 Bxc5 19. Nxg7 Kxg7 20. Ng5 h6 (20...
Re7 21. Ne4 $18) 21. Qg4 hxg5 22. Bxg5 Kf8 23. Bxd8 Raxd8 24. h4 $16) 18. Rxc5
$1 ({But not} 18. Nxg7 $2 b3 $1 (18... Kxg7 19. Rxc5 Bxc5 20. Ng5 h6 21. Qg4
hxg5 22. Bxg5 $18) 19. Bxb3 Nxb3 20. Qxb3 Na5 $1 21. Qa4 Bxf3 22. gxf3 Rg8 $15)
18... Bxc5 19. Ng5 Be7 (19... h6 20. Nxg7 $1 Kxg7 21. Qg4 $18) (19... b3 20.
Nxh7 $1 bxa2 (20... Kxh7 21. Qg4 g6 22. Nf6+ Kg7 23. Bh6+ Kxh6 24. Qh4+ Kg7 25.
Qh7#) 21. Qg4 g6 22. N7f6 $18) 20. Qg4 (20. Nxh7 Kxh7 21. Nxg7 Kxg7 22. Qg4+
Kh7 23. Qh5+ $11) 20... g6 21. Ng3 $36) 17... b3 (17... Bxg5 18. Nxg5 Qxg5 19.
Rxc5 Qe7 20. Qc2 Rac8 21. Rc1 Qd7 22. Qd2 bxa3 23. bxa3 Ne7 $11) 18. Bb1 {
This is a risky decision - the Bb1 is completely out of play. However, Aronian
is fighting for a win and avoids any simplifications.} ({Accepting the
challenge} 18. Bxb3 {leads to a balanced position:} Nxb3 19. Qxb3 Bxg5 20. Nxg5
Na5 $1 (20... Qxg5 21. Qxb7 Nxe5 22. Qe4 Ng6 23. Rc4 $14) 21. Qa4 (21. Qb4 Rb8
22. Rc5 Qxg5 23. Qxa5 h5 $44) 21... Bc6 22. Rxc6 Nxc6 23. Nxh7 Kxh7 24. Qxc6
$11) 18... h6 $2 {Sergey understimates White's strong 20th move.} ({It looks
like both players have overlooked} 18... Bxg5 $1 19. Nxg5 Nd7 $1 {with a
preferable position for Black:} ({after} 19... Qxg5 $6 20. Rxc5 $14 {White is
better due to his control over the c-file.}) 20. Qxb3 (20. Nf3 Rb8 21. Qd2 h6
22. Qf4 Ne7 23. Ne4 Ng6 24. Qg3 Nb6 $15) 20... Rb8 21. Nf3 (21. N5e4 Ba8 22.
Qc2 Ncxe5 $15) 21... Na5 22. Qd1 Bxf3 23. Qxf3 Rxb2 $15) 19. Bxe7 Qxe7 20. Ne4
$1 {This excellent resource allows White to liberate the Bb1.} Nxe4 (20... Nd7
21. Nd6 Nb6 22. Nxb7 Qxb7 23. Qxb3 $16) 21. dxe4 $14 {White is in firm control
now.} Rab8 (21... Rfd8 22. Qxb3 Rab8 23. Qd1 Ba8 24. Re2 $16) 22. Qxb3 (22.
Nxd4 {would be inaccurate:} Nxe5 23. Qxb3 Rfd8 24. Qe3 a5 $44 {[%cal Gb7a6]}) (
{But Levon could get rid of the Pb3 in a different version:} 22. Bd3 $5 Rfd8
23. Qxb3 Ba8 24. Qc2 a5 25. Red1 $14) 22... Ba8 23. Qc2 Rb6 24. Rcd1 $6 {
One of the most critical mistakes - White's play is too slow.} ({This seems
the last chance for Levon to fight for a win in this game:} 24. b4 a5 25. bxa5
Nxa5 26. Qc5 Qxc5 27. Rxc5 Nc6 28. Bd3 Rb3 29. Bb5 $14) (24. Red1 Rfb8 25. b4
a5 26. bxa5 Nxa5 27. Nxd4 Qxa3 28. Qd3 $14) 24... Rfb8 25. Re2 $6 {Mistakes
rarely come alone!} ({After} 25. b4 a5 26. bxa5 Nxa5 27. Nxd4 Qxa3 $44 {
Black has enough compensation, but there was no reason for avoiding this line.}
) 25... Qb7 $6 {Sergey errs as well.} ({He could maintain winning chances by
accepting the challenge:} 25... Rxb2 $1 26. Qxb2 Rxb2 27. Rxb2 Qxa3 28. Rbd2
Bb7 29. Nxd4 Nxe5 $15 {the strong Pa6 is really dangerous.}) 26. Rdd2 Rb3 27.
Qd1 {According to his style, Levon is continuing to fight for a win.} (27. Nxd4
Nxd4 28. Rxd4 Rc8 $1 (28... Rxb2 $2 29. Qxb2 Qxb2 30. Rxb2 Rxb2 31. Rb4 $16)
29. Qd1 (29. Qd2 $4 Rxb2 30. Qxb2 Qxb2 31. Rxb2 Rc1+) 29... Rxb2 $11) 27... Qc7
28. Qc1 $6 {Allowing a dangerous sacrifice.} ({After} 28. Nxd4 $142 Nxd4 29.
Rxd4 Rxb2 30. Rxb2 Rxb2 31. Bd3 $11 {the game should end in a draw.}) 28...
Rxf3 $1 29. gxf3 Qxe5 {Now Black has a dangerous initiative. White's king is
very weak, so Black has not much risk there.} 30. Rd3 Qh5 31. Qf4 (31. e5 g6 $1
32. Rc2 Qxe5 33. Rc5 Qd6 34. b4 Kg7 35. f4 Ne7 $15) 31... Ne5 (31... Rb5 $5 32.
h4 Ne5 33. b4 a5 $44) 32. Rc2 $2 {Levon is looking for some activity, but now
the rook comes into attack.} ({At the same time, after the cool-blooded} 32.
Kg2 $1 Rd8 33. Qg3 (33. Rd1 Ng6 34. Qg4 Qe5 $44) 33... Nxd3 34. Bxd3 $11 {
White should be able to hold the balance.}) 32... Rb5 $1 {That's the point.
White has no time for taking the Ba8.} 33. h4 (33. Rc8+ Kh7 34. Rxa8 Ng6 35.
Qg3 Rg5 36. Rxd4 Qxf3 37. Rdd8 Qe2 38. Bd3 Qe1+ 39. Kg2 e5 $1 40. Bxa6 Nf4+ 41.
Kf3 Rxg3+ 42. fxg3 Ne6 $19) 33... Bb7 ({Missing the strong} 33... Bc6 $142 $1
34. Rcd2 Rc5 35. Rd1 Ba4 $19 {with a decisive advantage. However, this looks
like a very tough line.}) 34. Rcd2 Rb6 (34... a5 $5) 35. Kf1 $6 {White's task
is extremely hard. A human can hardly avoid mistakes in such a scary position.}
(35. Kg2 Ng6 (35... Nxd3 36. Bxd3 e5 37. Qf5 $15) 36. Qg4 Qxg4+ 37. fxg4 Bxe4+
38. Kg3 e5 $17) 35... Nxd3 $2 ({Once again, Sergey could activate his bishop
with colossal effect:} 35... a5 $1 36. Rxd4 Ba6+ 37. Bd3 (37. Kg2 Rb3 $1 $19)
37... Nxd3 38. R4xd3 Rb3 39. Qd6 Bxd3+ 40. Rxd3 Qb5 41. Ke2 Rxb2+ 42. Ke1 Qc4
$19) 36. Bxd3 $15 {Now White's pieces are much better coordinated.} e5 37. Qg3
({Levon could maintain good drawing chances in the endgame:} 37. Qg4 $5 Qxg4
38. fxg4 a5 39. Rc2 a4 40. Ke2 Kf8 41. Kd2 f6 42. f3 $15) 37... Rf6 (37... Rg6
$5) 38. Be2 Rf4 39. Rxd4 Rxh4 40. Rd8+ Kh7 {The Kf1 is permanently under
pressure, but now White's rook is active.} 41. Kg2 (41. Ke1 Rf4 42. Kd2 Qh1 $36
) 41... Rf4 42. Rd1 g5 $1 {A good positional idea. Now Black always has a
dangerous attacking resource g5-g4.} 43. Qh3 (43. b4 $5 Kg7 (43... g4 44. Rd6
$1 gxf3+ 45. Bxf3 Bxe4 46. Bxe4+ Rxe4 47. Qd3 $132) 44. a4 $15) 43... Qg6 44.
Kf1 Rh4 45. Qg3 Qe6 46. Kg2 Rf4 {Sergey is waiting and doesn't change the
pleasant character of position.} (46... f5 $5 {is not trivial for humans:} 47.
exf5 Qxf5 48. Bd3 e4 49. fxe4 Bxe4+ 50. Kf1 Rh1+ 51. Ke2 Rh3 52. Qc7+ Kg6 $17)
47. Rc1 Qd6 48. Rd1 Qf6 49. Rc1 a5 50. b4 axb4 51. axb4 {The b-pawn is not so
strong yet, but now there is} Qd6 52. Rh1 Kg7 (52... f5 $1 53. Rd1 (53. Qxg5
fxe4 54. Kg1 Rf7 $19) 53... Qxb4 54. Kg1 Bc8 $17) 53. b5 Bc8 $6 {The bishop
can hardly find a better square than b7.} ({A much more energetic move would be
} 53... Qd2 $1 54. Bc4 f5 55. Qh3 Qd6 56. Bd5 Bxd5 57. exd5 g4 $17) 54. Qh2 $1
Qg6 55. Qh5 (55. Rc1 $5 g4 56. Kf1 $1 gxf3 57. Bxf3 $1 Bd7 58. Be2 Qxe4 59. Rc4
Qb1+ 60. Kg2 $15) 55... Qf6 56. Qh2 Kh7 57. Qg3 Bb7 {Admitting the previous
mistake. White has some pressure along the h-file now, so it's not easy to
make progress.} 58. Rc1 Qd6 59. Rd1 Qf6 60. Rc1 Qd6 61. Rh1 Kg7 62. Qh3 Rh4 63.
Qg3 $6 ({It looks like Levon could solve his problems by means of nice
tactical measures:} 63. Rd1 $1 Qg6 (63... Qxd1 64. Bxd1 Rxh3 65. Kxh3 h5 66. b6
Kf6 67. f4 exf4 68. Bxh5 $11) 64. Qg3 Qf6 65. Kg1 $11) 63... Rf4 64. Qh3 Rf6
65. Rd1 Qc5 66. Qg3 (66. Rd8 Qc1 67. Qh1 Qb2 $15) 66... Rf4 67. Rh1 $6 {
One more inaccuracy leads to a very difficult position.} ({It was necessary to
keep the rook active:} 67. Bf1 $1 Qc2 68. Rd6 Qc7 69. Rd1 Bc8 $15) 67... Qc2 $1
68. Qh2 Rf6 69. Re1 Qd2 $1 {Now White is doomed to a passive defence.} 70. Kf1
Rf4 71. Rd1 Qc3 72. Kg2 $2 {Decisive mistake.} (72. Qg2 Qc2 73. Re1 f5 $17 {
looks horrible, but at least White is still in the game.}) 72... Qb2 $1 {
Now Black is dominating. White cannot keep the material balance any longer.}
73. Rh1 (73. Kf1 Bc8 $1 74. Qg2 Rh4 $19) 73... Rh4 74. Qg3 Rxh1 75. Kxh1 Qxe2
76. Qxe5+ Kh7 $19 {Black is a piece up. The rest was just an agony. A painful
defeat for Levon Aronian.} 77. Kg2 Qc4 $1 78. Qe7 (78. Qf5+ Kg7 79. Qe5+ f6 80.
Qe7+ Qf7 $19) 78... Bc8 79. b6 Ba6 80. Kh2 Qb3 81. Qa7 (81. Kg2 Kg7 82. Qe5+ f6
83. Qc7+ Qf7 $19) 81... Bf1 82. Kg1 Bh3 83. f4 gxf4 (83... g4 84. Kh2 Bf1 85.
Kg1 Be2 86. b7 Qd1+ 87. Kh2 Bf3 88. b8=Q Qh1+ 89. Kg3 Qh3#) (83... Qd1+ 84. Kh2
Qh5 85. b7 Qf3 86. b8=Q Qg2#) 84. Qc7 Qd1+ 85. Kh2 Qh5 86. Qxf4 Bc8+ 87. Kg2
Qg5+ 88. Kf3 Qxf4+ 89. Kxf4 Kg6 90. Ke5 h5 91. Kd6 h4 92. Kc7 Ba6 93. Kb8 h3
94. Ka7 h2 0-1

[Event "Candidates Tournament"]
[Site "Khanty-Mansiysk"]
[Date "2014.03.30"]
[Round "14"]
[White "Mamedyarov, Shakhriyar"]
[Black "Kramnik, Vladimir"]
[Result "1/2-1/2"]
[WhiteElo "2757"]
[BlackElo "2787"]
[Annotator "ChessBase Website"]
[PlyCount "60"]
[EventDate "2014.03.13"]
[EventType "tourn"]
[EventRounds "14"]
[EventCountry "RUS"]
[EventCategory "21"]
[SourceTitle "CBM 160"]
[Source "ChessBase"]
[SourceDate "2014.05.15"]
[SourceVersion "1"]
[SourceVersionDate "2014.05.15"]
[SourceQuality "1"]
[TimeControl "40/7200:20/3600:900+30"]
[WhiteClock "1:16:35"]
[BlackClock "1:04:48"]

1. d4 {[%emt 0:00:03]} Nf6 {[%emt 0:00:13]} 2. c4 {[%emt 0:00:05]} e6 {[%emt 0:
00:03]} 3. Nc3 {[%emt 0:00:04]} Bb4 {[%emt 0:00:52]} 4. Qc2 {[%emt 0:00:40]}
O-O {[%emt 0:01:25]} 5. a3 {[%emt 0:00:15]} Bxc3+ {[%emt 0:00:34]} 6. Qxc3 {
[%emt 0:00:02]} d5 {[%emt 0:00:08]} 7. Nf3 {[%emt 0:00:25]} dxc4 {[%emt 0:00:
17]} 8. Qxc4 {[%emt 0:00:05]} b6 {[%emt 0:00:06]} 9. Bg5 {[%emt 0:00:35]} Ba6 {
[%emt 0:00:56]} 10. Qa4 {[%emt 0:01:56]} Qd7 {[%emt 0:03:33]} 11. Qxd7 {
[%emt 0:18:12]} Nbxd7 {[%emt 0:00:20]} 12. Bxf6 {[%emt 0:01:22]} Nxf6 $11 {
[%emt 0:01:41] Kramnik easily diffused Mamedyarov's Nimzo-Indian and it
quickly fizzled out to a draw.} 13. e3 {[%emt 0:00:22]} Bb7 {[%emt 0:12:00]}
14. Rc1 {[%emt 0:01:06]} Rac8 $146 {[%emt 0:00:50]} (14... c5 15. dxc5 Rac8 16.
Bb5 Rxc5 17. Rxc5 bxc5 18. Ke2 Rb8 19. Rd1 Bd5 20. a4 Ne4 21. Nd2 Nd6 22. e4
Ba8 23. f3 Kf8 24. Nb3 Nxb5 25. axb5 Rxb5 26. Rd8+ Ke7 27. Rxa8 Rxb3 28. Rxa7+
Kf6 29. Ra2 g5 30. Kd2 h5 31. Kc2 Rb5 32. Kd2 Rb3 33. Kc2 Rb5 34. Ra7 g4 35.
Rc7 gxf3 36. gxf3 h4 37. h3 Ra5 38. Kb1 Kg6 39. b3 f6 40. Rc6 e5 41. Kb2 Kg5
42. Kb1 Ra8 43. Rxc5 Kf4 44. Rc6 {Span,P (2296)-Rotstein,A (2500) Netherlands
2008 0-1}) 15. Ne5 {[%emt 0:03:01]} Rfd8 {[%emt 0:11:02]} 16. f3 {[%emt 0:06:
06]} c5 {[%emt 0:02:53]} 17. dxc5 {[%emt 0:00:21]} Nd7 {[%emt 0:06:43]} 18.
Nxd7 {[%emt 0:00:48]} Rxd7 {[%emt 0:00:18]} 19. e4 {[%emt 0:03:30]} Kf8 {
[%emt 0:06:50]} 20. b4 {[%emt 0:03:22]} bxc5 {[%emt 0:01:52]} 21. Bb5 {[%emt 0:
00:12]} Rdc7 {[%emt 0:00:43]} 22. Kd2 {[%emt 0:00:27]} cxb4 {[%emt 0:00:47]}
23. axb4 {[%emt 0:00:05]} Rxc1 {[%emt 0:00:07]} 24. Rxc1 {[%emt 0:00:02]} Rxc1
{[%emt 0:00:08]} 25. Kxc1 {[%emt 0:00:01]} e5 {[%emt 0:00:11]} 26. Kd2 {
[%emt 0:00:04]} Ke7 {[%emt 0:00:06]} 27. Kd3 {[%emt 0:00:03]} Kd6 {[%emt 0:00:
11]} 28. Bc4 {[%emt 0:00:02]} f6 {[%emt 0:00:07]} 29. g4 {[%emt 0:00:05]} g5 {
[%emt 0:00:08]} 30. Kc3 {[%emt 0:00:04]} Bc8 {[%emt 0:00:08]} 1/2-1/2